000 00253nam a2200097Ia 4500
008 250110s9999 xx 000 0 und d
041 _aeng
100 _aRahinj Sayali
_9211055
245 _aP{ara Jig For Hybrid Glulam:
260 _bBNCA M Arch m Digital
999 _c364770
_d364770